1578 1412 1587 1477 1326 1364 1916 1488 1184 1469 1233 1614 1666 1735 1802 1540 1882 1361 1975 1616 1514 1171 1856 1529 1297 1489 1950 1255 1935 1650 1619 1116 1140 1968 1316 1416 1564 1259 1247 1458 1786 1073 1050 1352 1318 1721 1191 1437 1315 1447 1989 1461 1450 1972 1508 1240 1377 1029 1643 1412 1384 1899 1971 1908 1740 1917 1217 1281 1097 1364 1682 1900 1920 1485 1312 1525 1030 1271 1759 1285 1533 1227 1579 1417 1761 1282 1387 1501 1112 1871 1884 1119 1819 1914 1569 1077 1400 1852 1814 BCNSPRNW ULIB Ver.6.0+V

เปลี่ยนเป็นภาษาไทย

Change to English
 แสดงรายละเอียดบรรณานุกรม
  กลับหน้าหลัก

Brief Record : Get Marc (ISO 2709) : E-mail record : QR code < ปิดหน้าต่าง
LEADER : 00000nam 2200000uu 4500
001    13399111433
003     ULIB
008    110627s||||||||th 000 0 tha d
020    9786167083162
090    นว.^bพ553ล 2554
100 0  พันดาว
245 00 ลายรักรอยเสน่หา/^cพัดาว
250    พิมพ์ครั้งที่ 1
260    กรุงเทพฯ :^bบิวตี้บุ๊ค,^c2554
300    378 หน้า
945    ^p240^l0^i030177
995    ทศพร
999 ^a ใช้งานได้ทุกระบบ
รายการนี้ยังไม่มีแท็ก
คุณยังไม่ได้ล็อกอิน คุณสามารถมีกิจกรรมร่วมกับเว็บไซต์ได้ แต่ต้องล็อกอินก่อน ::
  ล็อกอิน

รายการสื่อสารสนเทศ

ลำดับที่ ประเภท เลขเรียก/บาร์โค้ด สถานที่ สถานะ
- ไม่พบข้อมูล -

BibComment


ยังไม่เคยถูกคอมเมนท์

คอมเมนท์ทรัพยากรรายการนี้
  คอมเมนท์: ลายรักรอยเสน่หา พ..


 Copyright 2026. Bcnsprnw @Library